| Tag |
First Indicator |
Second Indicator |
Subfields |
| LEADER |
00000cam a2200000M 4500 |
| 001 |
in00004202221 |
| 008 |
190921s2020 xx 000 0 eng d |
| 005 |
20250318215028.3 |
| 020 |
|
|
|a 9781597114813
|
| 020 |
|
|
|a 1597114812
|
| 035 |
|
|
|a (OCoLC)on1120094579
|
| 035 |
|
|
|a (OCoLC)1120094579
|
| 040 |
|
|
|a YDX
|b eng
|c YDX
|d OCLCQ
|d UtOrBLW
|
| 050 |
|
4 |
|a TR
|
| 082 |
0 |
4 |
|a 770
|
| 245 |
0 |
0 |
|a ANMY LE :
|b on contested terrain.
|
| 264 |
|
1 |
|a [Place of publication not identified] :
|b APERTURE,
|c 2020.
|
| 336 |
|
|
|a text
|b txt
|2 rdacontent
|
| 337 |
|
|
|a unmediated
|b n
|2 rdamedia
|
| 338 |
|
|
|a volume
|b nc
|2 rdacarrier
|
| 520 |
8 |
|
|a On Contested Terrain', published on the occasion of the first comprehensive exhibition of An-My Lê?s work, includes selections from her major series photographing former battlefields, spaces reserved for training or the reenactment of war, and the noncombatant role of active service members, as well as many new, never-before-seen images. Essays by curators Dan Leers and Lisa Sutcliffe, as well as an interview between Lê and Pulitzer Prize?winning author Viet Thanh Nguyen, address how Lê?s work complicates the landscapes of conflict that have long informed American identity.00Exhibition: Carnegie Museum of Art, Pittsburgh, USA (14.03.-26.07.2020).
|
| 852 |
8 |
|
|b pda,print
|z This title is available for the library to purchase for your use. Click the "Purchase It For Me" button to place a request. This item may take 5-10 business days to arrive.
|
| 955 |
|
|
|a Print PDA title
|
| 961 |
|
|
|m 565730
|
| 999 |
f |
f |
|s 8177fcad-afb9-4252-acbb-d9a2ab876879
|i 78c81b3a-c553-339b-aeae-4f791d262142
|t 0
|
| 952 |
f |
f |
|a Texas A&M University
|b College Station
|c Sterling C. Evans Library
|d Purchase on Demand
|t 0
|e TR
|h Library of Congress classification
|
| 998 |
f |
f |
|a TR
|t 0
|l Purchase on Demand
|